| 000 | 00426nam a22001457a 4500 | ||
|---|---|---|---|
| 020 | _a9788120340077 | ||
| 082 |
_222 _a518.1 |
||
| 100 | _aCorman, Thomas H...[et al.] | ||
| 245 | _aIntroduction to algorithams / | ||
| 250 | _a3 rd. | ||
| 260 |
_aNew Delhi, _bPrentnice Hall, _cc2010. |
||
| 300 |
_axix,1292 p. ; _bill. ; _c24 cm. |
||
| 700 | _aLeiserson Charles E; Rivest, Ronald L. and Stein, Clif Ford. | ||
| 942 |
_2ddc _cMATHS _04 |
||
| 999 |
_c3331 _d3331 |
||